<?xml version="1.0" encoding="UTF-8"?>
<record
    xmlns:xsi="http://www.w3.org/2001/XMLSchema-instance"
    xsi:schemaLocation="http://www.loc.gov/MARC21/slim http://www.loc.gov/standards/marcxml/schema/MARC21slim.xsd"
    xmlns="http://www.loc.gov/MARC21/slim">

  <leader>01082nam a2200277 i 4500</leader>
  <controlfield tag="001">91766</controlfield>
  <controlfield tag="003">ES-MaACL</controlfield>
  <controlfield tag="005">20250822063137.0</controlfield>
  <controlfield tag="007">t|</controlfield>
  <controlfield tag="008">050214s1998    sp           ||||1| spa d</controlfield>
  <datafield tag="020" ind1=" " ind2=" ">
    <subfield code="a">84-86982-82-0</subfield>
  </datafield>
  <datafield tag="080" ind1=" " ind2=" ">
    <subfield code="a">791.44 Bu&#xF1;uel, Luis</subfield>
  </datafield>
  <datafield tag="080" ind1=" " ind2=" ">
    <subfield code="a">82(0:791.43)</subfield>
  </datafield>
  <datafield tag="100" ind1="1" ind2=" ">
    <subfield code="a">L&#xF3;pez Villegas, Manuel, </subfield>
    <subfield code="d">1970-</subfield>
    <subfield code="9">165767</subfield>
  </datafield>
  <datafield tag="245" ind1="1" ind2="0">
    <subfield code="a">Sade y Bu&#xF1;uel </subfield>
    <subfield code="b">: el Marqu&#xE9;s de Sade en la obra cinematogr&#xE1;fica de Luis Bu&#xF1;uel / </subfield>
    <subfield code="c">Manuel L&#xF3;pez Villegas.</subfield>
  </datafield>
  <datafield tag="260" ind1=" " ind2=" ">
    <subfield code="a">Teruel : </subfield>
    <subfield code="b">Instituto de Estudios Turolenses ; </subfield>
    <subfield code="a">Zaragoza : </subfield>
    <subfield code="b">Departamento de Cultura y Educaci&#xF3;n, </subfield>
    <subfield code="c">[1998]</subfield>
  </datafield>
  <datafield tag="300" ind1=" " ind2=" ">
    <subfield code="a">181 p. : </subfield>
    <subfield code="b">il. ; </subfield>
    <subfield code="c">26 cm.</subfield>
  </datafield>
  <datafield tag="490" ind1="1" ind2=" ">
    <subfield code="a">Colecci&#xF3;n Luis Bu&#xF1;uel. Estudios y documentos</subfield>
  </datafield>
  <datafield tag="600" ind1="1" ind2="4">
    <subfield code="a">Bu&#xF1;uel, Luis,</subfield>
    <subfield code="d">1900-1983</subfield>
    <subfield code="9">32559</subfield>
  </datafield>
  <datafield tag="650" ind1="1" ind2="4">
    <subfield code="a">Literatura-</subfield>
    <subfield code="x">En el cine.</subfield>
    <subfield code="9">14486</subfield>
  </datafield>
  <datafield tag="710" ind1="2" ind2=" ">
    <subfield code="a">Instituto de Estudios Turolenses.</subfield>
    <subfield code="9">4937</subfield>
  </datafield>
  <datafield tag="710" ind1="1" ind2=" ">
    <subfield code="a">Arag&#xF3;n. </subfield>
    <subfield code="b">Departamento de Cultura y Educaci&#xF3;n.</subfield>
    <subfield code="9">1407</subfield>
  </datafield>
  <datafield tag="830" ind1="0" ind2=" ">
    <subfield code="a">Colecci&#xF3;n Luis Bu&#xF1;uel. Estudios y documentos</subfield>
    <subfield code="9">225680</subfield>
  </datafield>
  <datafield tag="852" ind1=" " ind2=" ">
    <subfield code="a">ES-MaACL</subfield>
    <subfield code="j">L-28813 </subfield>
    <subfield code="b">R.135303</subfield>
  </datafield>
  <datafield tag="999" ind1=" " ind2=" ">
    <subfield code="c">91766</subfield>
    <subfield code="d">91766</subfield>
  </datafield>
  <datafield tag="952" ind1=" " ind2=" ">
    <subfield code="0">0</subfield>
    <subfield code="1">0</subfield>
    <subfield code="4">0</subfield>
    <subfield code="7">0</subfield>
    <subfield code="a">ATENEOM</subfield>
    <subfield code="b">ATENEOM</subfield>
    <subfield code="c">DEPO2</subfield>
    <subfield code="d">2008-01-17</subfield>
    <subfield code="e">SC</subfield>
    <subfield code="l">0</subfield>
    <subfield code="o">L-28813</subfield>
    <subfield code="p">1095812</subfield>
    <subfield code="r">2023-02-23 00:00:00</subfield>
    <subfield code="w">2023-02-23</subfield>
    <subfield code="y">MONOGRAFIA</subfield>
  </datafield>
</record>
